A brief relation of a victory, obtained by the forces under the command of Gen. Edward Doyley, commander in chief of his Highnesse's forces in the island of Jamaica. : Against the forces of the king of Spain, commanded by Don Christopher Arnaldo Sasi, commander in chief of the Spanish forces there.

Bibliographic Details
Main Author: Doyley, Edward
Format: eBook
Language:English
Published: Edinburgh : Printed by Christopher Higgins, in Harts-Close, over against the Trone-Church, Anno Dom. 1659.
Series:Early English books online.
Subjects:
Online Access:Connect to the full text of this electronic book

MARC

Tag First Indicator Second Indicator Subfields
LEADER 00000nam a2200000Ia 4500
001 in00004327872
005 20200812085728.0
006 m g d
007 cr bn |||a|bb|
008 000929s1659 stk o 000 0 eng d
035 |a (OCoLC)45097575 
040 |a EAE  |c EAE  |e dcrb 
037 |a CL0037000108  |b ProQuest Information and Learning. 300 N. Zeeb Rd., Ann Arbor, MI 48106 
043 |a e-uk---  |a e-sp---  |a nwjm--- 
090 |a DA420  |b  .D69 1659 
049 |a UMIA 
100 1 |a Doyley, Edward. 
245 1 2 |a A brief relation of a victory, obtained by the forces under the command of Gen. Edward Doyley, commander in chief of his Highnesse's forces in the island of Jamaica. :  |b Against the forces of the king of Spain, commanded by Don Christopher Arnaldo Sasi, commander in chief of the Spanish forces there. 
260 |a Edinburgh :  |b Printed by Christopher Higgins, in Harts-Close, over against the Trone-Church,  |c Anno Dom. 1659. 
300 |a 1 online resource (8 pages) 
336 |a text  |b txt  |2 rdacontent 
337 |a computer  |b c  |2 rdamedia 
338 |a online resource  |b cr  |2 rdacarrier 
500 |a Caption title. 
500 |a Signed: Edw. Doyley. 
500 |a Reproduction of original in the California State Library, Sutro Branch. 
510 4 |a Wing (2nd edition)  |c B4623 
533 |a Electronic reproduction.  |b Ann Arbor, Mich. :  |c UMI,  |d 1999-  |f (Early English books online)  |n Digital version of: (Early English books, 1641-1700 ; 2566:6)  |7 s1999 miun s 
651 0 |a Great Britain  |x History  |y Commonwealth and Protectorate, 1649-1660. 
651 0 |a Jamaica  |x History. 
600 1 0 |a Doyley, Edward. 
651 0 |a Spain  |x History  |y Philip IV, 1621-1665. 
830 0 |a Early English books online. 
856 4 0 |u http://proxy.library.tamu.edu/login?url=https://search.proquest.com/docview/2240917640  |z Connect to the full text of this electronic book  |t 0 
999 f f |s 3e94c1d1-dc89-3abd-925e-5975de8283dd  |i d22b3cee-ae63-3237-9138-8c14873cf9f6  |t 0 
952 f f |a Texas A&M University  |b College Station  |c Electronic Resources  |d Available Online  |t 0  |e DA420 .D69 1659  |h Library of Congress classification 
998 f f |a DA420 .D69 1659  |t 0  |l Available Online